Nghiên cứu một số đặc điểm sinh thái học của Chà vá chân đen - Pygathrix nigripes (Milne - Edwards, 1871) tại bán đảo Hòn Hèo, huyện Ninh Hòa, tỉnh Khánh Hòa
Nghiên cứu một số đặc điểm sinh thái của CVCĐ. Nghiên cứu một số đặc điểm sinh thái dinh dưỡng của CVCĐ. Nghiên cứu vùng sống và cách sử dụng vùng sống của CVCĐ. Nghiên cứu tập tính hoạt động của CVCĐ. Nghiên cứu các tác động ảnh hưởng đến CVCĐ...
Sparad:
| Huvudupphovsman: | |
|---|---|
| Övriga upphovsmän: | |
| Materialtyp: | Bok |
| Språk: | Vietnamese |
| Publicerad: |
Đà Nẵng
Đại học Đà Nẵng
2014
|
| Ämnen: | |
| Taggar: |
Lägg till en tagg
Inga taggar, Lägg till första taggen!
|
| Thư viện lưu trữ: | Mạng thư viện Đại học Đà Nẵng |
|---|
| LEADER | 01821nam a2200337 4500 | ||
|---|---|---|---|
| 001 | 000019459 | ||
| 003 | 15894 | ||
| 005 | 20140505140559.0 | ||
| 008 | 140505s2014 viesd | ||
| 041 | |a vie | ||
| 082 | 1 | 4 | |a 599.8 |b NG-T |
| 100 | |a Nguyễn Ái Tâm | ||
| 245 | |a Nghiên cứu một số đặc điểm sinh thái học của Chà vá chân đen - Pygathrix nigripes (Milne - Edwards, 1871) tại bán đảo Hòn Hèo, huyện Ninh Hòa, tỉnh Khánh Hòa |c Nguyễn Ái Tâm ; Hà Thăng Long hướng dẫn. |k Luận văn Thạc sĩ | ||
| 260 | |a Đà Nẵng |b Đại học Đà Nẵng |c 2014 | ||
| 300 | |a 91 tr., phụ lục 26 tr. |c 29 cm. |e Tóm tắt | ||
| 500 | |a Luận văn thạc sĩ Khoa học. Chuyên ngành: Sinh thái học. Mã số: 60.42.60. | ||
| 520 | |a Nghiên cứu một số đặc điểm sinh thái của CVCĐ. Nghiên cứu một số đặc điểm sinh thái dinh dưỡng của CVCĐ. Nghiên cứu vùng sống và cách sử dụng vùng sống của CVCĐ. Nghiên cứu tập tính hoạt động của CVCĐ. Nghiên cứu các tác động ảnh hưởng đến CVCĐ | ||
| 650 | 0 | 4 | |a Chà vá chân đen |v Luận văn tốt nghiệp |x Sinh thái học |x Nghiên cứu |z Khánh Hòa |
| 653 | |a Sinh thái học | ||
| 653 | |a Chà vá chân đen | ||
| 700 | 1 | |a Hà Thăng Long |c TS. |e Hướng dẫn | |
| OWN | |a LSP | ||
| AVA | |a UDN50 |b LSP |d 599.8 NG-T |e available |t Error 5001 Not defined in file expand_doc_bib_avail. |f 1 |g 0 |h N |i 0 |k 1 | ||
| 999 | |a From the UDN01 | ||
| AVA | |a UDN50 |b LSP |d 599.8 NG-T |e available |t Error 5001 Not defined in file expand_doc_bib_avail. |f 1 |g 0 |h N |i 0 |k 1 | ||
| TYP | |a Monograph | ||
| TYP | |a Printed language | ||
| 980 | |a Mạng thư viện Đại học Đà Nẵng | ||